000 00995nam a22002537a 4500
001 8595
003 FISKH
005 20251002110525.0
008 251002b cb ||||| |||| 00| 0 eng d
020 _a9781730163050
040 _aFISKH
_beng
_cFISKH
_dFISKH
082 _a155.418
100 _aPrakash, Ved
245 _aLonely:
_bCharacter-building stories for children /
_cConceived by Ved Prakash
260 _aNew Delhi :
_bDreamland,
_c2015.
300 _a24 pages :
_bcolor illustrations ;
_c28 cm
505 _aK
520 _aCharacter education is an integral part of education. ‘Character Building – Lonely’ this book contains three stories that will help children understand that a shy, idle, or one lacking confidence often feels lonely and miserable. Children need a helping hand to restore their normal and confident selves.
521 8 _a510
_bLexile estimate
521 8 _aK
_bRaz-Plus
650 _aMoral story
942 _2ddc
_cBK
_n0
999 _c8595
_d8595